Hadith 40(terjemahan dan syarahan)

Bibliographic Details
Main Author: Mustafa Abdul Rahman
Format: Book
Published: Kuala Lumpur : Dewan Pustaka Fajar , 1992
Subjects:

MARC

LEADER 00000cam a2200000 7i4500
001 0000004594
002 000004954
005 20000330.0
020 |a T000000388 
090 0 0 |a 297.124   |b MUS 
100 0 |a Mustafa Abdul Rahman 
245 1 0 |a Hadith 40(terjemahan dan syarahan)   |c Mustafa Abdul Rahman 
260 |a Kuala Lumpur :   |b Dewan Pustaka Fajar ,   |c 1992 
300 |a 441 p. ;   |c 22 cm. 
650 0 0 |a Hadith 
999 |a 034689   |b BUKU   |c PINJAMAN   |e PERPUSTAKAAN KOMUNITI PETALING JAYA